000 006300000a22001930004500
999 _c59966
_d59966
001 768714001
003 CO-MdFUSB
005 20170721152059.0
008 170721s1993 ag ||||| |||| 00| 0 spa d
022 _a0122-2996
040 _aCO-MdFUSB
_bspa
_cCO-MdFUSB
_dCO-MdFUSB
041 _aspa
100 1 _aMitchell, Bill
_eautor
245 1 0 _aEn torno a la lectura de Deuteronomio :
_breflexiones andinas
300 _aVolumen 25. Número 50 (1993), Páginas 87-93
_c22 cm.
546 _aTexto en español
773 0 _tBoletín Teológico
_049507
_961455
_gVolumen 25. Número 50 (1993), Páginas 87-93
_qPágina 87
942 _cANA